| 000 | 00609nam a2200193 a 4500 | ||
|---|---|---|---|
| 001 | 000016324 | ||
| 005 | 20200929164354.0 | ||
| 008 | 100303s1985 dr a 000 0 spa d | ||
| 040 |
_aDO-SdBNP _bspa _cBNPHU |
||
| 082 |
_a371.33 _bJ61m |
||
| 100 | 1 |
_aJiménez Victorio, Elida _936429 |
|
| 245 | 1 | 0 |
_aMedios audiovisuales / _cElida Jiménez Victorio ; prólogo Miriam Michel. |
| 260 |
_aSanto Domingo : _bPadrón, _c1985. |
||
| 300 |
_a129 p. : _bil. ; _c17 cm. |
||
| 504 | _aBibliográficas :p . 124-126 | ||
| 650 | 4 |
_aMedios audiovisuales _936430 |
|
| 700 | 1 |
_aMichel, Miriam, _epról. _936431 |
|
| 049 | _aBNPD | ||
| 999 |
_c15859 _d15859 |
||